[Event "Athens Smaok op 5th"]
[Site "Athens"]
[Date "2010.03.16"]
[Round "1"]
[White "Petsetidi, Maria"]
[Black "Delithanasis, Dimitrios"]
[Result "0-1"]
[WhiteElo "1948"]
[BlackElo "2204"]
[PlyCount "86"]
[EventDate "2010.03.16"]
[EventType "swiss"]
[EventRounds "7"]
[EventCountry "GRE"]
[SourceTitle "EXT 2011"]
[Source "ChessBase"]
[SourceDate "2010.11.26"]
[SourceVersion "1"]
[SourceVersionDate "2010.11.26"]
[SourceQuality "1"]

1. e4 e5 2. Nf3 Nc6 3. Bb5 g6 4. 0-0 Bg7 5. c3 a6 6. Ba4 d6 7. h3 Nf6 8. d4 Bd7 9. Re1 0-0 10. Bc2 Nh5 11. Bg5 Qe8 12. g4 f6 13. Be3 Nf4 14. Bxf4 exf4 15. Qd2 g5 16. Qd3 Qg6 17. Nbd2 Kh8 18. Kg2 Rae8 19. Rh1 Re7 20. Rae1 Rfe8 21. Bd1 d5 22. Qb1 dxe4 23. Nxe4 Rxe4 24. Rxe4 Qxe4 25. Bc2 Qd5 26. Bxh7 Nxd4 27. cxd4 Bc6 28. Qd3 Qxf3+ 29. Qxf3 Bxf3+ 30. Kxf3 Kxh7 31. h4 Kg6 32. h5+ Kf7 33. Rc1 c6 34. a4 f5 35. gxf5 Bxd4 36. b4 Kf6 37. Rd1 Bc3 38. Rd6+ Kxf5 39. Rd7 g4+ 40. Kg2 f3+ 41. Kg3 Be5+ 42. Kh4 Bf6+ 43. Kg3 Rh8 0-1

[Event "Athens Smaok op 4th"]
[Site "Athens"]
[Date "2010.01.12"]
[Round "1"]
[White "Papadakis, Michalis"]
[Black "Petsetidi, Maria"]
[Result "0-1"]
[WhiteElo "2244"]
[BlackElo "1948"]
[PlyCount "80"]
[EventDate "2010.01.12"]
[EventType "swiss"]
[EventRounds "7"]
[EventCountry "GRE"]
[SourceTitle "EXT 2011"]
[Source "ChessBase"]
[SourceDate "2010.11.26"]
[SourceVersion "1"]
[SourceVersionDate "2010.11.26"]
[SourceQuality "1"]

1. d4 d5 2. c4 c6 3. Nc3 Nf6 4. e3 a6 5. b3 Bf5 6. Nf3 e6 7. Bd2 Ba3 8. Bc1 Bb4 9. Bd2 Ba3 10. Nh4 Bb2 11. Nxf5 exf5 12. Rb1 Bxc3 13. Bxc3 Ne4 14. Qc2 Nxc3 15. Qxc3 0-0 16. Bd3 f4 17. exf4 Re8+ 18. Kd2 Nd7 19. c5 b6 20. cxb6 Qxb6 21. Rbc1 Nf6 22. f3 a5 23. Qc5 Qb8 24. g3 Nh5 25. Rhe1 Rc8 26. Re5 Nf6 27. Re7 a4 28. b4 a3 29. Bf5 Re8 30. Rce1 Rxe7 31. Rxe7 g6 32. Bd3 Ra4 33. Kc3 Kg7 34. Kb3 Qa8 35. Rc7 Qb8 36. Qe7 Rxb4+ 37. Kc3 Rc4+ 38. Bxc4 Qb2+ 39. Kd3 dxc4+ 40. Kxc4 Qc2+ 0-1

[Event "GRE-chT 34th"]
[Site "Ermioni Argolidas"]
[Date "2005.07.09"]
[Round "7"]
[White "Sperdokli, Elli"]
[Black "Petsetidi, Maria"]
[Result "1-0"]
[WhiteElo "2139"]
[BlackElo "1976"]
[PlyCount "83"]
[EventDate "2005.07.04"]
[EventType "team-tourn"]
[EventRounds "9"]
[EventCountry "GRE"]
[SourceTitle "CBM 107 Extra"]
[Source "ChessBase"]
[SourceDate "2005.09.01"]
[SourceVersion "1"]
[SourceVersionDate "2005.09.01"]
[SourceQuality "1"]

1. e4 c5 2. Nf3 d6 3. d4 cxd4 4. Nxd4 Nf6 5. Nc3 a6 6. f4 e5 7. Nf3 Nbd7 8. a4 Be7 9. Bd3 Qc7 10. 0-0 Qb6+ 11. Kh1 Ng4 12. Qe1 Ndf6 13. a5 Qc7 14. h3 h5 15. f5 Bd7 16. hxg4 hxg4+ 17. Nh2 Bc6 18. Be3 d5 19. Bf2 Nh5 20. g3 Nf4 21. Qd1 Qd6 22. gxf4 Qh6 23. Bg3 Qh3 24. Rg1 Bh4 25. Bf1 Qxg3 26. Rxg3 Bxg3 27. Kg2 exf4 28. Nxg4 dxe4 29. Be2 Rd8 30. Qf1 Rd2 31. Rd1 e3+ 32. Qf3 Bxf3+ 33. Kxf3 Rxc2 34. Ne4 Rh3 35. Nd6+ Ke7 36. f6+ gxf6 37. Nf5+ Ke6 38. Nd4+ Ke7 39. Nxc2 Bf2+ 40. Kxf4 Bg3+ 41. Ke4 Rh5 42. Ncxe3 1-0

[Event "GRE-chT 34th"]
[Site "Ermioni Argolidas"]
[Date "2005.07.06"]
[Round "3"]
[White "Petsetidi, Maria"]
[Black "Pavlogianni, Despina"]
[Result "0-1"]
[WhiteElo "1976"]
[BlackElo "1972"]
[PlyCount "108"]
[EventDate "2005.07.04"]
[EventType "team-tourn"]
[EventRounds "9"]
[EventCountry "GRE"]
[SourceTitle "CBM 107 Extra"]
[Source "ChessBase"]
[SourceDate "2005.09.01"]
[SourceVersion "1"]
[SourceVersionDate "2005.09.01"]
[SourceQuality "1"]

1. e4 c5 2. Nf3 d6 3. Bb5+ Bd7 4. Bxd7+ Qxd7 5. 0-0 Nf6 6. Re1 Nc6 7. c3 e6 8. d4 d5 9. exd5 Qxd5 10. Qa4 cxd4 11. cxd4 Bb4 12. Nc3 Qa5 13. Qb3 0-0 14. a3 Bxc3 15. bxc3 b5 16. Bd2 Nd5 17. a4 a6 18. axb5 Qxb5 19. Qa2 Qd3 20. Rac1 Rfc8 21. Red1 Nb6 22. Be3 Qc4 23. Qb1 Nd5 24. Bd2 Rab8 25. Qe4 Rb3 26. Ng5 Nf6 27. Qh4 Ne5 28. Ne4 Nxe4 29. Qxe4 Nd7 30. Rb1 Rcb8 31. Rxb3 Qxb3 32. Rc1 Qa2 33. Be3 Nf6 34. Qe5 Rb1 35. h3 Rxc1+ 36. Bxc1 Qb1 37. Kh2 Qb7 38. f3 Nd7 39. Qg5 f6 40. Qh5 Qc7+ 41. Kg1 Qxc3 42. Bh6 Qxd4+ 43. Kh2 gxh6 44. Qxh6 Qe5+ 45. f4 Qf5 46. g4 Qc2+ 47. Kg3 a5 48. Qh5 Qc3+ 49. Kg2 Qd2+ 50. Kf3 Qd5+ 51. Qxd5 exd5 52. Ke3 a4 53. Kd3 a3 54. Kc2 d4 0-1

[Event "GRE-chT 34th"]
[Site "Ermioni Argolidas"]
[Date "2005.07.04"]
[Round "1"]
[White "Petsetidi, Maria"]
[Black "Makka, Ioulia"]
[Result "1/2-1/2"]
[WhiteElo "1976"]
[BlackElo "2243"]
[PlyCount "81"]
[EventDate "2005.07.04"]
[EventType "team-tourn"]
[EventRounds "9"]
[EventCountry "GRE"]
[SourceTitle "CBM 107 Extra"]
[Source "ChessBase"]
[SourceDate "2005.09.01"]
[SourceVersion "1"]
[SourceVersionDate "2005.09.01"]
[SourceQuality "1"]

1. e4 e6 2. d4 d5 3. exd5 exd5 4. Bd3 Nc6 5. Ne2 Bg4 6. c3 Qd7 7. Qc2 Nge7 8. Ng3 Qe6+ 9. Be3 Qd7 10. Nd2 h5 11. h3 Be6 12. Nf3 h4 13. Ne2 f6 14. Nf4 Bf7 15. Ng6 Nxg6 16. Bxg6 0-0-0 17. Bxf7 Qxf7 18. Qf5+ Kb8 19. Ne5 Nxe5 20. dxe5 Rh5 21. Qf4 Rxe5 22. Qxh4 d4 23. 0-0-0 Qxa2 24. Rxd4 Rxd4 25. Qxd4 Rd5 26. Qe4 Rd8 27. Kc2 Bd6 28. Rd1 Qf7 29. Bc5 Qf8 30. Qd4 b6 31. Bb4 c5 32. Bxc5 bxc5 33. Qa4 Qe7 34. Qc6 Qc7 35. Qa6 Qb6 36. Qc4 Re8 37. Rxd6 Qxd6 38. Qb5+ Kc7 39. Qxe8 Kb6 40. Qe3 a5 41. Qd3 1/2-1/2

[Event "GRE-chT 31st"]
[Site "Chalkidiki"]
[Date "2002.07.11"]
[Round "7"]
[White "Trabert, Bettina"]
[Black "Petsetidi, Maria"]
[Result "1-0"]
[WhiteElo "2320"]
[BlackElo "2011"]
[PlyCount "65"]
[EventDate "2002.07.05"]
[EventType "team-tourn"]
[EventRounds "8"]
[EventCountry "GRE"]
[SourceTitle "CBM 089 Extra"]
[Source "ChessBase"]
[SourceDate "2002.09.10"]
[SourceVersion "2"]
[SourceVersionDate "2002.09.10"]
[SourceQuality "1"]

1. e4 d5 2. exd5 Qxd5 3. Nc3 Qa5 4. d4 c6 5. Nf3 Nf6 6. Bc4 Bf5 7. Bd2 e6 8. Qe2 Bb4 9. Ne5 Nbd7 10. Nxd7 Nxd7 11. a3 Bxc3 12. Bxc3 Qc7 13. g4 Bg6 14. 0-0-0 0-0-0 15. f3 h5 16. Be1 h4 17. Bf2 Nf6 18. Qe5 Nd5 19. Rhe1 b5 20. Qxc7+ Kxc7 21. Bf1 a5 22. Re5 b4 23. Be1 Ra8 24. Bc4 Nb6 25. Ba2 bxa3 26. bxa3 Nd5 27. Bd2 a4 28. c4 Nf6 29. Bf4 Kb7 30. Rd2 Rhb8 31. Rc5 Rc8 32. Rb2+ Ka6 33. Bd2 1-0

[Event "GRE-chT 31st"]
[Site "Chalkidiki"]
[Date "2002.07.07"]
[Round "3"]
[White "Petsetidi, Maria"]
[Black "Kouvatsou, Maria"]
[Result "0-1"]
[WhiteElo "2011"]
[BlackElo "2218"]
[PlyCount "70"]
[EventDate "2002.07.05"]
[EventType "team-tourn"]
[EventRounds "8"]
[EventCountry "GRE"]
[SourceTitle "CBM 089 Extra"]
[Source "ChessBase"]
[SourceDate "2002.09.10"]
[SourceVersion "2"]
[SourceVersionDate "2002.09.10"]
[SourceQuality "1"]

1. e4 e5 2. Nf3 Nf6 3. Nxe5 d6 4. Nf3 Nxe4 5. Qe2 Qe7 6. d3 Nf6 7. Bg5 Qxe2+ 8. Bxe2 Be7 9. Nc3 Bd7 10. 0-0 h6 11. Bh4 g5 12. Bg3 Nc6 13. Nb5 0-0-0 14. Nfd4 Ne5 15. c4 a6 16. Nc3 Ng6 17. f4 g4 18. f5 Ne5 19. Nb3 h5 20. Bh4 Rde8 21. Bxf6 Bxf6 22. Ne4 Bg7 23. f6 Bh6 24. d4 Nc6 25. Nc3 Nxd4 26. Nxd4 Be3+ 27. Kh1 Bxd4 28. Bd3 Rh6 29. Nd5 c6 30. Ne7+ Kd8 31. Nf5 Bxf5 32. Rxf5 Rxf6 33. Rxh5 Rfe6 34. g3 Re1+ 35. Rxe1 Rxe1+ 0-1

[Event "Athens Aphrodite op"]
[Site "Athens"]
[Date "2002.02.23"]
[Round "9"]
[White "Petsetidi, Maria"]
[Black "Korou, Laskarina"]
[Result "0-1"]
[WhiteElo "2011"]
[BlackElo "2005"]
[PlyCount "106"]
[EventDate "2002.02.16"]
[EventType "swiss"]
[EventRounds "9"]
[EventCountry "GRE"]
[SourceTitle "CBM 086 Extra"]
[Source "ChessBase"]
[SourceDate "2002.03.14"]
[SourceVersion "1"]
[SourceVersionDate "2002.03.14"]
[SourceQuality "1"]

1. e4 d5 2. exd5 Qxd5 3. Nc3 Qa5 4. d4 Nf6 5. Bd2 Qb6 6. Nf3 c6 7. Bc4 Bf5 8. 0-0 e6 9. Qe2 Bd6 10. Bb3 0-0 11. Bg5 Nbd7 12. Ne5 h6 13. Be3 Qc7 14. f4 Nd5 15. Bxd5 exd5 16. Qh5 Bxc2 17. Nxd7 Qxd7 18. f5 f6 19. Qg4 Kh8 20. Rf3 Rae8 21. Rc1 Bxf5 22. Qxf5 Qxf5 23. Rxf5 Rxe3 24. a3 Rfe8 25. b4 Re1+ 26. Rf1 Rxf1+ 27. Kxf1 Bxh2 28. b5 cxb5 29. Nxb5 a6 30. Nc3 Rc8 31. Ke2 Bd6 32. Kd3 Bxa3 33. Rb1 b5 34. Nxd5 Rd8 35. Nc7 Rd6 36. d5 Kg8 37. Kd4 Kf7 38. Ke4 b4 39. Rb3 Ke7 40. Kd4 a5 41. Nb5 a4 42. Rb1 Rd8 43. Kc5 Rc8+ 44. Kb6 Rc1 45. Nxa3 Rxb1 46. Nxb1 a3 47. Nxa3 bxa3 48. Kc7 a2 49. d6+ Kf7 50. d7 a1Q 51. d8Q Qa5+ 52. Kd7 Qxd8+ 53. Kxd8 f5 0-1

[Event "GRE-chT 30th"]
[Site "Athens"]
[Date "2001.??.??"]
[Round "1"]
[White "Karteri, Olga"]
[Black "Petsetidi, Maria"]
[Result "0-1"]
[WhiteElo "1775"]
[BlackElo "1955"]
[PlyCount "42"]
[EventDate "2001.07.07"]
[EventType "team-tourn"]
[EventRounds "9"]
[EventCountry "GRE"]
[SourceTitle "CBM 085 Extra"]
[Source "ChessBase"]
[SourceDate "2002.01.21"]
[SourceVersion "1"]
[SourceVersionDate "2002.01.21"]
[SourceQuality "1"]

1. e4 c5 2. Nf3 d6 3. c3 Nf6 4. Be2 Nbd7 5. d3 e6 6. 0-0 Be7 7. Re1 0-0 8. Bf1 Qc7 9. d4 d5 10. e5 Ne4 11. Nbd2 f5 12. Nxe4 dxe4 13. Ng5 Nb6 14. Qh5 Bxg5 15. Bxg5 Nd5 16. Rad1 c4 17. f3 Bd7 18. fxe4 fxe4 19. Qe2 Rf5 20. Bd2 Raf8 21. Qxe4 Bc6 0-1

[Event "GRE-ch (Women) 23rd"]
[Site "Methana"]
[Date "2000.12.03"]
[Round "6.5"]
[White "Petsetidi, Maria"]
[Black "Papadopoulou, Vera"]
[Result "0-1"]
[WhiteElo "2024"]
[BlackElo "1835"]
[PlyCount "78"]
[EventDate "2000.??.??"]
[EventType "tourn"]
[EventRounds "9"]
[EventCountry "GRE"]
[SourceTitle "EXT 2004"]
[Source "ChessBase"]
[SourceDate "2003.11.25"]
[SourceVersion "1"]
[SourceVersionDate "2003.11.25"]
[SourceQuality "1"]

1. e4 c5 2. Nf3 d6 3. d4 cxd4 4. Nxd4 Nf6 5. Nc3 a6 6. Bg5 e6 7. f4 Nc6 8. Qd2 h6 9. Bxf6 Qxf6 10. Nf3 Qd8 11. 0-0-0 Be7 12. Kb1 Qa5 13. g4 b5 14. Nd4 Bb7 15. Bg2 Rc8 16. Rhe1 Nxd4 17. Qxd4 0-0 18. Qd2 b4 19. Ne2 Rc5 20. Nd4 Qb6 21. Nb3 Rc4 22. Qe3 Qc7 23. Re2 a5 24. Nd4 Ba6 25. Red2 Rc5 26. Nb3 Rc6 27. e5 d5 28. Be4 a4 29. Na1 Bc5 30. Qf3 dxe4 31. Qxe4 a3 32. Rd7 Qb6 33. Nb3 axb2 34. h4 Rc7 35. Nxc5 Qxc5 36. Rd8 Rc8 37. R8d7 Bb5 38. R7d6 b3 39. cxb3 Qc1+ 0-1

[Event "Chalkida op 4th"]
[Site "Chalkida"]
[Date "2000.08.15"]
[Round "6"]
[White "Makropoulou, Marina"]
[Black "Petsetidi, Maria"]
[Result "1-0"]
[WhiteElo "2284"]
[BlackElo "2021"]
[PlyCount "111"]
[EventDate "2000.08.11"]
[EventType "swiss"]
[EventRounds "9"]
[EventCountry "GRE"]
[SourceTitle "EXT 2001"]
[Source "ChessBase"]
[SourceDate "2000.11.22"]
[SourceVersion "1"]
[SourceVersionDate "2000.11.22"]
[SourceQuality "1"]

1. e4 c5 2. Nf3 d6 3. d4 cxd4 4. Nxd4 Nf6 5. Nc3 a6 6. a4 e6 7. Be2 Be7 8. 0-0 Nbd7 9. f4 Nc5 10. Bf3 e5 11. Nde2 0-0 12. Kh1 b6 13. b4 Ne6 14. f5 Nc7 15. g4 d5 16. exd5 Bb7 17. Bg5 e4 18. Bxf6 exf3 19. Bxe7 Qxe7 20. Nf4 f2 21. Rxf2 Qxb4 22. Qd3 Rfe8 23. Kg1 Rad8 24. Rd1 Rd6 25. Rb1 Qa5 26. Ne4 Rdd8 27. c4 Re5 28. Kg2 b5 29. Qd4 f6 30. axb5 axb5 31. Nd3 Rxe4 32. Qxe4 Nxd5 33. Qe6+ Kh8 34. Kg1 Nc3 35. Re1 Ne4 36. Rxe4 Bxe4 37. Qxe4 bxc4 38. Qxc4 Qa1+ 39. Rf1 Qa7+ 40. Qc5 Qa4 41. Nf4 Qe4 42. h3 Qa4 43. Qe3 Rb8 44. Re1 Rd8 45. Ne6 Re8 46. Rc1 Qd7 47. Qd4 Qb7 48. Qc3 Qb6+ 49. Kg2 Qb5 50. Rc2 Qd5+ 51. Qf3 Qd7 52. Qc6 Qf7 53. Qc7 Qg8 54. Rd2 Rxe6 55. fxe6 Qa8+ 56. Kf2 1-0